000
00306nam a22001337a 4500
008
170403b xxu||||| |||| 00| 0 eng d
020
_a
9780874515091
041
_a
eng
080
_a
574
100
_a
9
101
_a
SHM
245
_a
AGUIDE TO NATURE FESHWATER ENVIROMMENT
_c
CADUTO.M.J
942
_2
udc
_c
BK
999
_c
9479
_d
9479